Schaum's outline of english grammar
Saved in:
| Main Authors: | , |
|---|---|
| Format: | Bog |
| Sprog: | engelsk |
| Udgivet: |
Nueva York
McGraw-Hill
1976
|
| Serier: | Schaum's Outline Series
|
| Fag: | |
| Tags: |
Tilføj Tag
Ingen Tags, Vær først til at tagge denne postø!
|
MARC
| LEADER | 00000cam a2200000 a 4500 | ||
|---|---|---|---|
| 001 | UCT5077 | ||
| 003 | CL-VaPUC | ||
| 008 | 961129e19760000US |||||||||||||||||eng|d | ||
| 082 | 0 | 4 | |a 425 |b EHR |2 21 |
| 100 | 0 | |a Ehrlich, Eugene |e author |9 374352 | |
| 700 | 0 | |a Murphy, Daniel |e author |9 374353 | |
| 245 | 1 | 0 | |a Schaum's outline of english grammar |
| 300 | |a 139 p | ||
| 942 | |c BK | ||
| 945 | |d 19961129 00:00:00 |a rleighto | ||
| 260 | |a Nueva York |b McGraw-Hill |c 1976 | ||
| 650 | 0 | |a Inglés |9 260023 | |
| 650 | 0 | |a Gramática |9 270497 | |
| 650 | 0 | |a Enseñanza del inglés |9 367340 | |
| 650 | 0 | |a Enseñanza de idiomas |9 339820 | |
| 583 | |a last modification |c 20181227 03:49:08 |k Rodrigo Vera | ||
| 490 | 0 | |a Schaum's Outline Series | |
| 999 | |c 254098 |d 254096 | ||
| 952 | |0 0 |1 0 |4 0 |6 425_000000000000000_EHR_1976 |7 0 |8 A |9 275490 |a BIBEDU |b BIBEDU |d 2019-11-19 |i 3254666 |o 425 EHR 1976 |p 3254666 |r 2019-11-19 |w 2019-11-19 |y BK |k LIT | ||
| 952 | |0 0 |1 0 |3 erb |4 0 |6 425_000000000000000_EHR_1976 |7 0 |8 A |9 275491 |a BIBING |b BIBING |i 5527090 |o 425 EHR 1976 |p 5527090 |r 2025-01-20 |w 2019-11-19 |y BK |z Catalogado en:20181227 |k EIQ | ||